000
00324 a2200145 4500
001
164178
020
_a
040
_c
Magnum
100
_a
Lukacs, Mariza P. C.
240
1
0
_a
O fascinante mundo das borboletas
_l
por
245
1
0
_a
O fascinante mundo das borboletas
362
0
_a
1899
697
_a
ZOOLOGIA
942
_c
BK
999
_c
164178
_d
164178